Statistiques concernant Les plus grandes villes sur la Charente

Cliquez ici pour prendre le quiz!

Statistiques générales

  • Ce quiz a été pris 150 fois
  • Le résultat moyen est 4 sur 9

Statistiques - réponses

Population (2017)Ville sur la Charente% Correct
42,000Angoulême
92%
18,700Cognac
72%
25,100Saintes
67%
24,300Rochefort
45%
4,400Jarnac
33%
7,900Tonnay-Charente
15%
5,900Gond-Pontouvre
14%
7,200Saint-Yrieix-sur-Charente
10%
4,000Fouras
7%

Distribution des résultats

Percentile par nombre de réponses

% des personnes avec chaque résultat

Votre développement - résultats

Vous n’avez pas pris ce quiz